| 000 | 00433nam a2200193Ia 4500 | ||
|---|---|---|---|
| 005 | 20240823034132.0 | ||
| 008 | 240823s9999||||xx |||||||||||||| ||und|| | ||
| 020 | _a978-81-264-3577-7 | ||
| 041 | _aMALAYALAM | ||
| 082 | _A200 Q2 | ||
| 100 | _aRazak M S A | ||
| 245 | 0 | _aHaji Margadarshi | |
| 250 | _a1st | ||
| 260 |
_c2012 _b"D C Books,Kot" |
||
| 500 | _aYES | ||
| 650 |
_aReligon _bGeneral |
||
| 942 | _cBK | ||
| 999 |
_c197512 _d197512 |
||